000 00644nam a2200241Ia 4500
003 OSt
005 20221006142720.0
006 a|||||r|||| 00| 0
007 ta
008 221006b |||||||| |||| 00| 0 eng d
020 _c95.00
024 _a7,011
037 _cTextual
040 _aEASL
_cEASL
_beng
041 _2eng
_aeng
082 _aQ45:31, L9
100 _aBAKSHI Dwijendra Nath
_9648244
245 0 _aHindu divinties in Japanese Buddhist pantheon
260 _aCalcutta
_bBenten Pub.
_c1979
300 _a250p.
_ccm.
942 _hQ45:31, L9
_cTEXL
_2CC
999 _c1075097
_d1075097